<?xml version="1.0" encoding="UTF-8"?>
<record
    xmlns:xsi="http://www.w3.org/2001/XMLSchema-instance"
    xsi:schemaLocation="http://www.loc.gov/MARC21/slim http://www.loc.gov/standards/marcxml/schema/MARC21slim.xsd"
    xmlns="http://www.loc.gov/MARC21/slim">

  <leader>00441nam a22001457a 4500</leader>
  <datafield tag="999" ind1=" " ind2=" ">
    <subfield code="c">7746</subfield>
    <subfield code="d">7744</subfield>
  </datafield>
  <controlfield tag="005">20210324110232.0</controlfield>
  <controlfield tag="008">210324b           ||||| |||| 00| 0 eng d</controlfield>
  <datafield tag="082" ind1=" " ind2=" ">
    <subfield code="a">345.408 23</subfield>
  </datafield>
  <datafield tag="100" ind1=" " ind2=" ">
    <subfield code="a">MANOHAR AND CHITALEY</subfield>
    <subfield code="9">6503</subfield>
  </datafield>
  <datafield tag="245" ind1=" " ind2=" ">
    <subfield code="a">THE AIR MANUAL CIVIL AND CRIMINAL [ARTICLE 311-69] TO CONTRACT ACT [1872] SECTION [36] VOL-14</subfield>
  </datafield>
  <datafield tag="260" ind1=" " ind2=" ">
    <subfield code="a">NAGPUR</subfield>
    <subfield code="b">THE ALL INDIA REPORTER PVT.LTD .</subfield>
  </datafield>
  <datafield tag="300" ind1=" " ind2=" ">
    <subfield code="a">1204,p</subfield>
  </datafield>
  <datafield tag="650" ind1=" " ind2=" ">
    <subfield code="a">LAW</subfield>
    <subfield code="9">5701</subfield>
  </datafield>
  <datafield tag="942" ind1=" " ind2=" ">
    <subfield code="c">JRL</subfield>
  </datafield>
  <datafield tag="952" ind1=" " ind2=" ">
    <subfield code="0">0</subfield>
    <subfield code="1">0</subfield>
    <subfield code="4">0</subfield>
    <subfield code="7">0</subfield>
    <subfield code="8">LAW</subfield>
    <subfield code="a">JRU</subfield>
    <subfield code="b">JRU</subfield>
    <subfield code="c">SHELF-36-F</subfield>
    <subfield code="d">2021-03-24</subfield>
    <subfield code="e">PURCHESE</subfield>
    <subfield code="l">0</subfield>
    <subfield code="o">345.408 23</subfield>
    <subfield code="p">25393</subfield>
    <subfield code="r">2021-03-24 00:00:00</subfield>
    <subfield code="w">2021-03-24</subfield>
    <subfield code="y">JRL</subfield>
  </datafield>
</record>
